000 00376nam a2200145Ia 4500
008 230711s9999||||xx |||||||||||||| ||und||
041 _aENG
082 _a5
_bHA-P
100 _aHammitt James E
245 0 _aProgramming with Dbase III
250 _a1st Ed.
260 _c1987
_aNew Delhi
_bCBS Publishers & Distributors Pvt.Ltd
650 _aComputer Engineering
942 _cBK
999 _c1393
_d1393